<?xml version="1.0" encoding="UTF-8"?>
<record
    xmlns:xsi="http://www.w3.org/2001/XMLSchema-instance"
    xsi:schemaLocation="http://www.loc.gov/MARC21/slim http://www.loc.gov/standards/marcxml/schema/MARC21slim.xsd"
    xmlns="http://www.loc.gov/MARC21/slim">

  <leader>00560cam a22001934i 4500</leader>
  <datafield tag="999" ind1=" " ind2=" ">
    <subfield code="c">7077</subfield>
    <subfield code="d">7077</subfield>
  </datafield>
  <datafield tag="020" ind1=" " ind2=" ">
    <subfield code="a">9789868260610 (&#x5E73;&#x88DD;)</subfield>
  </datafield>
  <datafield tag="245" ind1="0" ind2="0">
    <subfield code="a">&#x9732;&#x9732;&#x80D6;&#x516C;&#x4E3B;&#x8B8A;&#x8EAB;&#x8A18; :</subfield>
    <subfield code="b">&#x5F9E;70kg&#x5927;&#x80A5;&#x5973;&#x5230;&#x7576;&#x7D05;&#x6027;&#x611F;&#x745C;&#x73C8;&#x5929;&#x540E; /</subfield>
    <subfield code="c">Lulu&#x8457;</subfield>
  </datafield>
  <datafield tag="250" ind1=" " ind2=" ">
    <subfield code="a">&#x521D;&#x7248;</subfield>
  </datafield>
  <datafield tag="260" ind1=" " ind2=" ">
    <subfield code="a">&#x81FA;&#x5317;&#x5E02; :</subfield>
    <subfield code="b">&#x8DA8;&#x52E2;&#x6587;&#x5316;,</subfield>
    <subfield code="c">2007.</subfield>
  </datafield>
  <datafield tag="300" ind1=" " ind2=" ">
    <subfield code="a">137 &#x9762; :</subfield>
    <subfield code="b">&#x5F69;&#x5716; ;</subfield>
    <subfield code="c">21 &#x516C;&#x5206;</subfield>
  </datafield>
  <datafield tag="500" ind1=" " ind2=" ">
    <subfield code="a">Lulu&#x672C;&#x540D;&#x9EC3;&#x9732;&#x6167;</subfield>
  </datafield>
  <datafield tag="942" ind1=" " ind2=" ">
    <subfield code="2">ccl</subfield>
    <subfield code="c">BOOK</subfield>
  </datafield>
  <datafield tag="952" ind1=" " ind2=" ">
    <subfield code="0">0</subfield>
    <subfield code="1">0</subfield>
    <subfield code="2">ccl</subfield>
    <subfield code="4">0</subfield>
    <subfield code="7">0</subfield>
    <subfield code="a">yeezen</subfield>
    <subfield code="b">yeezen</subfield>
    <subfield code="d">2020-02-17</subfield>
    <subfield code="l">3</subfield>
    <subfield code="o">411.35</subfield>
    <subfield code="p">C02679</subfield>
    <subfield code="r">2024-01-08 00:00:00</subfield>
    <subfield code="s">2023-12-27</subfield>
    <subfield code="w">2020-02-17</subfield>
    <subfield code="y">BOOK</subfield>
    <subfield code="z">&#x8AAA;&#x4E86;&#x5927;&#x90E8;&#x5206;&#x4EBA;&#x4E5F;&#x4E0D;&#x6703;&#x76F8;&#x4FE1;&#xFF0C;&#x8EAB;&#x517C;&#x5EE3;&#x544A;&#x660E;&#x661F;&#x3001;&#x300C;&#x5973;&#x4EBA;&#x6211;&#x6700;&#x5927;&#x300D;&#x7BC0;&#x76EE;&#x4E2D;&#x8EAB;&#x6750;&#x524D;&#x51F8;&#x5F8C;&#x7FF9;&#x3001;&#x8D85;&#x7D1A;&#x6027;&#x611F;&#x706B;&#x8FA3;&#x7684;&#x745C;&#x73C8;&#x5973;&#x738B;Lulu&#x8001;&#x5E2B;&#xFF0C;&#x7ADF;&#x7136;&#x5728;23&#x6B72;&#x4EE5;&#x524D;&#x4E00;&#x76F4;&#x56E0;&#x70BA;&#x9AD4;&#x91CD;&#x904E;&#x91CD;&#x3001;&#x8EAB;&#x5F62;&#x7661;&#x80A5;&#xFF0C;&#x800C;&#x6BCF;&#x5929;&#x6301;&#x7E8C;&#x596E;&#x529B;&#x7684;&#x8207;&#x80A5;&#x80D6;&#x6230;&#x9B25;&#x8457;&#xFF0C;&#x6158;&#x70C8;&#x7684;&#x6230;&#x5F79;&#x904E;&#x7A0B;&#x7D55;&#x5C0D;&#x582A;&#x7A31;&#x4E00;&#x90E8;&#x6E1B;&#x80A5;&#x8840;&#x6DDA;&#x53F2;&#xFF01;&#x5979;&#x66FE;&#x7D93;&#x4E00;&#x5EA6;&#x80D6;&#x5230;&#x8FD1;70&#x516C;&#x65A4;&#x3001;&#x88AB;&#x59D0;&#x59D0;&#x7537;&#x53CB;&#x5632;&#x7B11;&#x3001;&#x88AB;&#x8001;&#x5E2B;&#x5ACC;&#x68C4;&#x3001;&#x88AB;&#x821E;&#x8E48;&#x7CFB;&#x540C;&#x5B78;&#x5728;&#x80CC;&#x5F8C;&#x53EB;&#x5979;&#x201D;&#x80D6;&#x5929;&#x9D5D;&#x201D;&#x3001;&#x6BCF;&#x6B21;&#x821E;&#x4F5C;&#x4ED6;&#x90FD;&#x9078;&#x4E0D;&#x4E0A;&#x4E3B;&#x89D2;&#xFF0C;&#x9023;&#x7576;&#x500B;&#x914D;&#x89D2;&#x90FD;&#x88AB;&#x5ACC;&#x7919;&#x773C;&#x2026;&#x5979;&#x7684;&#x5FC3;&#x9178;&#x8840;&#x6DDA;&#x771F;&#x662F;&#x7F44;&#x7AF9;&#x96E3;&#x66F8;&#xFF01;</subfield>
  </datafield>
</record>
